[Event "BL Meisterschaftsturnier 2020"]
[Site "Karlsruhe"]
[Date "2020.09.20"]
[Round "7.12"]
[White "Klein, Felix"]
[Black "Fedorovsky, Michael"]
[Result "1-0"]
[WhiteElo "2307"]
[BlackElo "2422"]
[Annotator "TA"]
[PlyCount "143"]
[EventDate "2020.09.16"]
[EventType "team-tourn"]
[EventCountry "GER"]
[SourceTitle "playchess.com"]
[Source "ChessBase"]
[SourceQuality "1"]
[WhiteTeam "Aachen"]
[BlackTeam "Bayern Muenchen"]

{[%evp 24,143,0,-22,5,0,12,18,15,10,14,0,0,0,0,0,0,0,0,0,76,81,63,66,44,50,47,48,50,22,54,23,29,6,6,6,8,0,3,8,13,0,0,0,0,0,6,6,45,18,45,42,42,45,45,45,45,45,45,45,45,45,100,45,45,45,45,20,20,13,80,80,87,87,87,87,87,87,100,100,100,100,100,100,109,100,109,109,109,80,109,80,109,109,109,8,109,11,109,8,15,8,8,17,116,117,760,132,1701,1409,10020,10020,29971,29972,29971,29973,29972,29971,29973,29968,29991,29992]} 1. e4 c5 2. Nf3 Nc6 3. d4 cxd4 4. Nxd4 Nf6 5. Nc3 e5 6. Ndb5 d6 7. Bg5 a6 8. Na3 b5 9. Nd5 Be7 10. Bxf6 Bxf6 11. c3 Ne7 12. Nxe7 Bxe7 13. Nc2 O-O {B33: Sicilian: Pelikan and Sveshnikov Variations.} 14. Nb4 Bb7 15. Nd5 f5 {The position is equal.} 16. exf5 Rxf5 17. Be2 e4 18. Ne3 Re5 19. O-O d5 {[#]} 20. a4 $146 ({Predecessor:} 20. Kh1) 20... b4 21. Qd4 Bd6 (21... Rg5 $11) 22. c4 $16 Qe7 23. cxd5 Bc5 24. Qd2 Bxe3 25. Qxe3 Bxd5 26. Rfd1 Kh8 27. Rac1 {Threatens to win with Bxa6!} a5 28. Bc4 Bxc4 29. Rxc4 h6 30. Rcd4 Rc8 31. h3 Kh7 32. Rd7 Qg5 33. Qa7 (33. Qxg5 {looks sharper.} Rxg5 34. Kf1 Rc2 35. R1d2 Rc1+ 36. Rd1) 33... Rce8 34. Re1 R8e7 35. Rxe7 Qxe7 $11 {[%mdl 4096] Endgame KQR-KQR} 36. Qd4 (36. Qxe7 {seems wilder.} Rxe7 37. f3 Rd7 38. Rxe4 Rd2 39. b3) 36... Qc5 37. Qxc5 Rxc5 38. Rxe4 $14 {KR-KR} Rc1+ 39. Kh2 Rc2 40. f3 Rxb2 {...Ra2 is the strong threat.} 41. Re5 Ra2 42. Rxa5 g5 (42... Ra1 $14) 43. Ra7+ (43. h4 $1 $16) 43... Kg6 44. a5 b3 $1 45. Rb7 b2 {[#]} 46. a6 $1 {[%mdl 512]} Rxa6 (46... h5 $11) 47. Rxb2 $16 Ra4 48. Rb6+ Kg7 49. Re6 $1 Rb4 50. Re4 Rb2 51. h4 gxh4 52. Rxh4 Ra2 53. Rb4 Kg6 54. Rb5 Rc2 55. Kh3 Rc4 56. g4 Ra4 57. Kg3 Rc4 58. Rb6+ Kg7 59. f4 (59. Rb3 $16) 59... Rc1 (59... Rc3+ $11 {keeps the balance.} 60. Kh4 Rc4) 60. Kf3 (60. Rb3 $16) 60... Ra1 (60... Rc3+ $1 $11 {remains equal.} 61. Ke4 Rc4+ 62. Ke5 Rc5+ 63. Kd4 Rc1) 61. Ke4 ({White should play} 61. Re6 $16) 61... Ra4+ $11 62. Kf5 Ra5+ 63. Ke6 {And now f5 would win.} Ra4 (63... h5 $1 $11) 64. Rb7+ $16 Kg8 $2 {[%mdl 8192]} (64... Kf8 $16) 65. Kf5 $1 $18 {Strongly threatening Kg6.} Ra6 $2 {[%mdl 8192] This costs Black the game.} (65... Kf8 $16 66. Rb6 Kg7 67. Rg6+ Kh7) 66. Re7 $1 {[%cal Re7e6]} Ra5+ 67. Kg6 {[%cal Re7e8]} Ra6+ {[#]} 68. Kh5 $1 {White mates.} Ra4 {[#]} 69. f5 $1 Rb4 70. Re6 Kg7 71. Rxh6 Rxg4 72. f6+ {Accuracy: White = 83%, Black = 60%.} ({Inferior is} 72. Kxg4 Kxh6 73. Kh4 Kh7 $11) 1-0

[Event "BL Meisterschaftsturnier 2020"]
[Site "Karlsruhe"]
[Date "2020.09.20"]
[Round "7.13"]
[White "Donchenko, Alexander"]
[Black "Van Wely, Loek"]
[Result "1-0"]
[WhiteElo "2654"]
[BlackElo "2615"]
[Annotator "TA"]
[PlyCount "121"]
[EventDate "2020.09.16"]
[EventType "team-tourn"]
[EventCountry "GER"]
[SourceTitle "playchess.com"]
[Source "ChessBase"]
[SourceQuality "1"]
[WhiteTeam "Deizisau"]
[BlackTeam "Solingen"]

{[%evp 11,121,19,44,40,46,38,30,22,45,46,53,34,39,39,46,12,52,33,35,31,40,28,47,47,54,35,43,37,40,40,60,59,56,41,39,49,67,24,75,40,50,36,107,123,117,39,89,11,14,0,45,26,17,0,0,0,0,0,0,0,0,-25,-9,-26,-35,-38,-22,-33,-2,-2,-2,-7,30,29,34,39,44,29,48,0,58,14,48,29,48,21,26,18,20,19,21,8,15,8,8,7,12,8,56,55,430,57,58,55,2223,2172,4578,442,4578,442,442,442]} 1. Nf3 d5 2. d4 Nf6 3. c4 c6 4. e3 Bg4 5. Qb3 Qb6 6. Ne5 e6 7. Nxg4 {D11: Slav Defence: 3 Nf3 sidelines and 3...Nf6 4 e3 Bg4.} Nxg4 8. Nc3 Nd7 9. Bd2 $5 {[%cal Rc4d5][%mdl 4] [#] White has an edge. A promising side line.} g6 $146 ({Predecessor:} 9... Be7 10. Be2 Ngf6 11. O-O O-O 12. Qc2 dxc4 13. Bxc4 Qd8 14. Rfd1 c5 15. dxc5 Bxc5 {½-½ (48) Flores,D (2553)-Alonso,S (2437) La Plata 2008}) 10. Be2 Ngf6 11. O-O Bg7 12. Qa3 a5 13. Rfc1 (13. b3 {seems wilder.} Qc7 14. Bd3 Bf8 15. Qb2 Be7 16. a3) 13... Bf8 14. Qb3 (14. c5 {with more complications.} Qc7 15. b4 e5 16. b5 Bh6 17. Qb2) 14... Qxb3 15. axb3 Bb4 16. Be1 Ke7 17. f3 Rhd8 18. Bh4 {Strongly threatening e4.} h6 19. Rc2 g5 20. Bf2 dxc4 21. bxc4 e5 22. Bf1 exd4 23. exd4 Nf8 24. Ne2 Nh5 (24... Ne6 $11 {remains equal.}) 25. g4 Ng7 26. f4 gxf4 (26... Ng6 $14) 27. Nxf4 $16 Nfe6 28. Ne2 ({White should try} 28. Nd3 $1 $16) 28... h5 $14 {[#]} 29. h3 (29. Bg2 $1 $16) 29... hxg4 $11 30. hxg4 Ne8 31. Bh4+ f6 32. Bf2 Nd6 33. d5 cxd5 34. cxd5 Ng5 35. Nd4 Rac8 36. Re2+ Kf7 37. Ne6 Nxe6 38. dxe6+ Ke7 39. Bg2 Rg8 40. Bf3 $132 {[%mdl 2048] White is not keeping still} b5 41. Kg2 a4 42. Rh1 {aiming for Rh7+.} Rg7 43. Rh5 Rc4 44. Bb6 Rc8 45. Bf2 Rc4 46. Be3 a3 47. bxa3 Bxa3 48. Bh6 Rg6 49. Bd2 Rg7 $1 50. Be3 Bc1 51. Bc5 {Threatens to win with Bxd6+.} Bg5 52. Bb6 Bf4 53. Bd5 Rc3 54. Ra2 {White wants to mate with Ra7+.} Nc8 55. Ba5 Rg3+ $2 {[%mdl 8192]} (55... Rxg4+ $14 56. Kf2 Bg3+ 57. Ke2 Rc5) 56. Kf2 $2 (56. Kf1 $18 {Rc2 is the strong threat.} R3xg4 57. Rc2 Rg1+ 58. Kf2) 56... R3xg4 $14 57. Rc2 R4g5 $2 {[%mdl 8192]} (57... Bg3+ $14 58. Ke2 Na7) 58. Bb4+ $18 {White is clearly winning.} Kd8 59. Rh8+ Rg8 {[#]} 60. Rxg8+ (60. e7+ $142 $1 {[%mdl 512]} Nxe7 61. Bxe7+ Kxe7 62. Bxg8) 60... Rxg8 {[#]} 61. e7+ $1 {[%mdl 512] Accuracy: White = 72%, Black = 70%.} 1-0

[Event "BL Meisterschaftsturnier 2020"]
[Site "Karlsruhe"]
[Date "2020.09.20"]
[Round "7.13"]
[White "Lokander, Martin"]
[Black "Lemmers, Oscar"]
[Result "1-0"]
[WhiteElo "2406"]
[BlackElo "2348"]
[Annotator "ChessBase"]
[PlyCount "47"]
[EventDate "2020.09.16"]
[EventType "team-tourn"]
[EventCountry "GER"]
[SourceTitle "playchess.com"]
[Source "ChessBase"]
[SourceQuality "1"]
[WhiteTeam "Bayern Muenchen"]
[BlackTeam "Aachen"]
[TimeControl "40/5400+30:1800+30"]

1. d4 {[%emt 0:00:00]} d5 {[%emt 0:00:00]} 2. c4 {[%emt 0:00:00]} c6 {[%emt 0:00:00]} 3. Nf3 {[%emt 0:02:34]} Nf6 {[%emt 0:00:18]} 4. Nc3 {[%emt 0:00:04]} dxc4 {[%emt 0:00:15]} 5. a4 {[%emt 0:00:11]} Bf5 {[%emt 0:00:23]} 6. Ne5 {[%emt 0:00:29]} Nbd7 {[%emt 0:00:25]} 7. Nxc4 {[%emt 0:00:10]} Qc7 {[%emt 0:00:14]} 8. g3 {[%emt 0:00:12]} e5 {[%emt 0:00:24]} 9. dxe5 {[%emt 0:00:06]} Nxe5 {[%emt 0:00:10]} 10. Bf4 {[%emt 0:00:08]} Nfd7 {[%emt 0:00:22]} 11. a5 {[%emt 0:00:44]} a6 {[%emt 0:09:31]} 12. Bg2 {[%emt 0:01:47]} f6 {[%emt 0:03:00]} 13. Nxe5 {[%emt 0:03:22]} Nxe5 {[%emt 0:02:17]} 14. O-O {[%emt 0:05:24]} Rd8 {[%emt 0:07:25]} 15. Qa4 {[%emt 0:02:12]} Bd6 {[%emt 0:15:43]} 16. Be3 {[%emt 0:08:50]} Qf7 {[%emt 0:07:24]} 17. Bb6 {[%emt 0:00:48]} Rd7 {[%emt 0:05:13]} 18. Ne4 {[%emt 0:07:30]} Bxe4 {[%emt 0:01:43]} 19. Bxe4 {[%emt 0:01:13]} O-O {[%emt 0:08:14]} 20. Bf5 {[%emt 0:13:19]} Re7 {[%emt 0:00:15]} 21. Rfd1 {[%emt 0:01:13]} Nc4 {[%emt 0:03:20]} 22. Bb1 {[%emt 0:00:52]} Nxb2 {[%emt 0:02:42]} 23. Qc2 {[%emt 0:05:22]} Nxd1 {[%emt 0:03:45]} 24. Qxh7# {[%emt 0:00:09]} 1-0

[Event "BL Meisterschaftsturnier 2020"]
[Site "Karlsruhe"]
[Date "2020.09.20"]
[Round "7.14"]
[White "Smeets, Jan"]
[Black "Keymer, Vincent"]
[Result "0-1"]
[WhiteElo "2585"]
[BlackElo "2568"]
[Annotator "TA"]
[PlyCount "124"]
[EventDate "2020.09.16"]
[EventType "team-tourn"]
[EventCountry "GER"]
[SourceTitle "playchess.com"]
[Source "ChessBase"]
[SourceQuality "1"]
[WhiteTeam "Solingen"]
[BlackTeam "Deizisau"]

{[%evp 9,124,20,15,20,31,11,28,7,7,13,12,4,7,6,17,0,12,3,0,6,20,6,8,8,18,18,18,18,0,17,19,10,18,14,37,29,108,106,96,85,83,70,88,78,85,75,75,81,82,77,83,85,86,83,85,88,85,0,71,0,85,65,80,80,85,102,82,0,87,0,81,8,14,8,4,0,31,0,16,-43,-43,-43,-2,-213,-223,-239,-257,-275,-253,-294,-286,-360,-356,-735,-714,-750,-720,-691,-354,-321,-322,-1304,-1188,-12838,-12839,-12839,-12839,-12840,-12840,-12841,-12841,-12841,-12842,-12844,-12844,-12845,-12845]} 1. e4 c5 2. Nf3 d6 3. Bb5+ Nd7 4. O-O a6 5. Bd3 Ngf6 6. Re1 {B51: Sicilian: Moscow Variation (3 Bb5+) without 3...Bd7.} e6 $1 {The main line 6...e6 scores better than 6...b5.} 7. Bf1 b6 {[#]} 8. d3 $146 {White has an edge.} ({Predecessor:} 8. d4 Bb7 9. e5 dxe5 10. dxe5 Nd5 11. c4 Nb4 12. a3 Nc6 13. Nc3 Be7 14. Bf4 {0-1 (80) Arda,C (2096)-Tsatsalashvili,K (2330) Marmaris 2018}) 8... Bb7 9. Nbd2 Be7 10. c3 b5 11. d4 O-O 12. h3 Qb6 13. Bd3 Rfc8 14. Nf1 Bf8 15. Ng3 g6 16. Be3 b4 17. cxb4 cxd4 18. Nxd4 Qxb4 19. a3 Qa5 20. b4 Qd8 21. Nb3 d5 {[%cal Rf6e4]} 22. Na5 $36 {[%mdl 2048] White has the initiative.} Rcb8 (22... Bc6 $11 {keeps the balance.}) 23. Bf4 $16 e5 24. Bd2 d4 25. Rc1 Bd6 26. Qf3 Bc7 27. Nxb7 Rxb7 28. Rc6 Rb6 29. Rec1 Bd6 30. Nf1 Rxc6 31. Rxc6 Nb8 32. Rc2 Nbd7 33. Rc6 Nb8 34. Rc2 Nbd7 35. Bc4 Qe7 36. Nh2 Kg7 37. Ng4 {Threatens to win with Bh6+.} Ng8 38. Nh2 Ngf6 $1 39. Ng4 {Strongly threatening Bh6+.} Ng8 $1 40. Qd3 (40. Qe2 $16) 40... h5 $11 41. Nh2 a5 $1 {[%cal Ra5b4]} 42. Bd5 Ra7 {[%cal Ra5b4]} 43. bxa5 Ngf6 44. Bc6 (44. Rc8 $11) 44... Nc5 $15 45. Qb5 ({Much worse is} 45. Qf3 Rc7 $17) 45... Ncxe4 46. Nf3 $2 {This move loses the game for White.} (46. Bb4 $11) 46... Nxd2 $19 47. Rxd2 Bc7 48. a6 Qxa3 49. Bb7 e4 50. Nh2 e3 {And now ...Rxb7 would win.} 51. Rd1 $2 (51. Re2 d3 52. Rxe3 Qa1+ 53. Nf1) 51... exf2+ 52. Kh1 Bxh2 53. Kxh2 Qd6+ 54. g3 {[#]} h4 $1 55. Qg5 $2 (55. Qd3 Nh5 56. Kg2) 55... Rxa6 {Black is clearly winning.} 56. Bxa6 Qxa6 {[%mdl 4096] Endgame KQR-KQN} 57. Kg2 Qc6+ 58. Kh2 Qf3 59. Rf1 {[#]} Ne4 $1 {[%cal Rh4g3]} 60. Qxh4 d3 61. Qf4 Qxf4 62. gxf4 d2 {Accuracy: White = 72%, Black = 93%.} 0-1

[Event "BL Meisterschaftsturnier 2020"]
[Site "Karlsruhe"]
[Date "2020.09.20"]
[Round "7.14"]
[White "Meessen, Rudolf"]
[Black "Lindgren, Philip"]
[Result "1/2-1/2"]
[WhiteElo "2234"]
[BlackElo "2358"]
[Annotator "TA"]
[PlyCount "101"]
[EventDate "2020.09.16"]
[EventType "team-tourn"]
[EventCountry "GER"]
[SourceTitle "playchess.com"]
[Source "ChessBase"]
[SourceQuality "1"]
[WhiteTeam "Aachen"]
[BlackTeam "Bayern Muenchen"]

{[%evp 9,101,2,5,0,4,0,2,4,0,-4,-1,0,0,-4,19,-14,18,26,21,22,71,67,69,74,102,6,7,8,74,70,67,66,66,68,70,71,63,66,69,78,77,79,81,75,72,81,103,81,126,125,242,260,233,245,221,60,60,60,93,68,68,68,68,56,97,97,97,97,97,97,137,137,137,137,137,93,93,0,137,137,443,108,108,108,137,93,93,8,8,8,8,8,8,8]} 1. d4 Nf6 2. c4 e6 3. Nc3 Bb4 4. f3 O-O 5. e4 d5 6. e5 {E20: Nimzo-Indian: 4 g3 and 4 f3.} Nfd7 7. cxd5 exd5 8. f4 c5 9. a3 $1 {[%cal Ra3b4]} Ba5 10. Be3 cxd4 11. Bxd4 Bxc3+ {[#]} 12. bxc3 $146 ({Predecessor:} 12. Bxc3 Nc5 13. Bb4 b6 14. Nf3 Bb7 15. Bb5 a6 16. Bd3 Nxd3+ 17. Qxd3 Re8 18. O-O {1-0 (30) Geirnaert,S (2418)-Vehi Bach,V (2339) Barcelona 2019}) 12... Qh4+ 13. g3 Qe7 14. Bg2 f6 {[%cal Rf6e5]} 15. Bxd5+ Kh8 {[%cal Rf6e5]} 16. Nf3 fxe5 17. Nxe5 (17. fxe5 $16 Nb6 18. Be4) 17... Nxe5 $11 18. Bxe5 {Threatening 0-0.} Nd7 {[#]} (18... Rd8 $11 {keeps the balance.} 19. c4 Nc6) 19. Qd4 $1 $16 Nxe5 20. Qxe5 ({Weaker is} 20. fxe5 Bh3 $17) 20... Qc5 {Threatens to win with ...Rd8.} 21. Qd4 $1 {[%cal Rd4c5]} Qxd4 ({Of course not} 21... Re8+ $6 22. Kf2 $16) 22. cxd4 Rd8 23. Bf3 Rxd4 24. O-O Rb8 25. Rfd1 Rd7 26. Rac1 Rxd1+ 27. Rxd1 {[%cal Rd1d8][%mdl 4096] Endgame KRB-KRB} Be6 28. Rd6 Bg8 29. Rd7 b5 (29... g6 $16) 30. Rxa7 $18 b4 31. axb4 Rxb4 32. Rb7 $2 (32. Ra8 $18 {aiming for Bd5.} Rb1+ 33. Kg2 Rb2+ 34. Kh3) 32... Rxb7 $14 33. Bxb7 {KB-KB} g6 34. Kf2 h6 35. Ke3 Kg7 36. Kd4 {And now Bd5 would win.} Be6 37. Ke5 Bd7 38. Bd5 Bg4 39. Be6 Be2 40. g4 Bd3 41. h4 Bc2 42. Bd5 Bd1 43. Be6 Bc2 $1 44. Bd7 Bd3 $2 {[%mdl 8192] [#]} (44... Kf7 $16 45. Bb5 Bd1) 45. Be8 $2 (45. Ke6 $1 $18 {[%cal Re6e7]} Be4 46. Ke7) 45... Kf8 $16 46. Bc6 {Black must now prevent Kf6.} Kg7 47. Be4 Be2 48. f5 (48. g5 $16) 48... Bxg4 $11 {The position is equal.} 49. f6+ Kf7 50. Bd5+ Kf8 51. Kf4 {Accuracy: White = 70%, Black = 67%.} 1/2-1/2

[Event "BL Meisterschaftsturnier 2020"]
[Site "Karlsruhe"]
[Date "2020.09.20"]
[Round "7.15"]
[White "Kollars, Dmitrij"]
[Black "Naumann, Alexander"]
[Result "1-0"]
[WhiteElo "2585"]
[BlackElo "2539"]
[Annotator "TA"]
[PlyCount "95"]
[EventDate "2020.09.16"]
[EventType "team-tourn"]
[EventCountry "GER"]
[SourceTitle "playchess.com"]
[Source "ChessBase"]
[SourceQuality "1"]
[WhiteTeam "Deizisau"]
[BlackTeam "Solingen"]

{[%evp 16,95,37,27,37,42,34,28,207,203,208,197,214,222,222,217,214,139,158,157,168,164,165,150,155,139,154,154,171,154,145,145,145,145,154,154,162,123,334,330,322,326,331,323,306,322,314,314,325,310,415,414,425,431,452,406,381,319,409,403,357,320,552,263,713,686,919,889,939,844,939,904,757,711,1373,1122,12830,12821,5904,1546,12845,12845]} 1. e4 c5 2. Nf3 e6 3. d4 cxd4 4. Nxd4 Nc6 5. Nc3 Qc7 6. Be3 a6 7. a3 b5 8. Nxc6 Qxc6 9. Be2 Bb7 {B49: Sicilian: Taimanov: 5 Nc3 Qc7 6 Be3 a6 7 Be2.} 10. O-O Bc5 11. Bd4 f6 $2 {[#]} (11... Nf6 $11 {and Black is okay.}) 12. Bxb5 $1 $18 {[%mdl 512]} axb5 13. Qh5+ {[%mdl 64] Double Attack} g6 14. Qxc5 Qxc5 15. Bxc5 Bc6 16. Rad1 Ne7 17. Rd4 Kf7 18. Rfd1 {[#]} Rhc8 $146 ({Predecessor:} 18... Rhd8 19. f3 g5 20. Na2 d5 21. Nb4 Bb7 22. Bxe7 Kxe7 23. exd5 e5 24. R4d3 Kd6 {1-0 (33) Gavrilescu,D (2473)-Menezes,C (2413) Pardubice 2019}) 19. f3 g5 20. Bd6 Ra7 21. Na2 Ng6 22. Nb4 Ba8 23. Kf2 h5 24. c3 Ke8 25. Ke3 Nh8 26. h4 g4 $2 (26... gxh4 $16 {keeps fighting.} 27. R4d2 Ng6) 27. fxg4 hxg4 28. Rf1 Nf7 29. Rxf6 {Strongly threatening e5.} Nxd6 30. Rxd6 Ke7 31. e5 Bxg2 32. Rg6 Rc4 {If only Black now had time for ...Re4+....} 33. Rd4 Rxd4 34. cxd4 {[%mdl 4096] Endgame KRB-KRN} Bf3 35. Nd3 Kf7 36. Rf6+ Kg7 37. h5 Ra8 38. Kf4 Be2 $2 (38... Ra4 {was necessary.} 39. Nb4 Ra8) 39. Nf2 (39. h6+ $142 Kh7 40. Nc5) 39... Ra4 $2 (39... Rh8 40. Rg6+ (40. Nxg4 Rxh5 41. Nf2 Bc4 $16) 40... Kf7) 40. Ke3 {White is clearly winning.} Bf3 {[#]} 41. Nxg4 $1 {[%mdl 576] Decoy} Bxg4 {KRB-KR} 42. Rg6+ {[%mdl 64] Double Attack} Kh7 43. Rxg4 Kh6 44. Kd3 Kxh5 45. Rg7 Ra7 {[#]} 46. d5 $1 {[%mdl 512]} Kh6 (46... exd5 47. e6) 47. Re7 (47. Rf7 $142 exd5 {[#]} 48. e6 $1 {[%mdl 512]}) 47... exd5 48. e6 {Accuracy: White = 80%, Black = 47%.} 1-0

[Event "BL Meisterschaftsturnier 2020"]
[Site "Karlsruhe"]
[Date "2020.09.20"]
[Round "7.15"]
[White "Rafiee, Makan"]
[Black "Lamby, Philipp"]
[Result "1-0"]
[WhiteElo "2334"]
[BlackElo "2130"]
[Annotator "ChessBase"]
[PlyCount "51"]
[EventDate "2020.09.16"]
[EventType "team-tourn"]
[EventCountry "GER"]
[SourceTitle "playchess.com"]
[Source "ChessBase"]
[SourceQuality "1"]
[WhiteTeam "Bayern Muenchen"]
[BlackTeam "Aachen"]
[TimeControl "40/5400+30:1800+30"]

1. e4 {[%emt 0:00:00]} e5 {[%emt 0:00:00]} 2. Nf3 {[%emt 0:00:00]} Nc6 {[%emt 0:00:00]} 3. Bc4 {[%emt 0:00:00]} Bc5 {[%emt 0:00:00]} 4. c3 {[%emt 0:00:07]} Nf6 {[%emt 0:00:02]} 5. d3 {[%emt 0:00:05]} a6 {[%emt 0:01:13]} 6. Nbd2 {[%emt 0:01:04]} O-O {[%emt 0:00:57]} 7. Bb3 {[%emt 0:00:51]} Ba7 {[%emt 0:01:38]} 8. h3 {[%emt 0:00:38]} d6 {[%emt 0:08:28]} 9. Nf1 {[%emt 0:03:37]} Be6 {[%emt 0:01:06]} 10. Bg5 {[%emt 0:05:53]} h6 {[%emt 0:27:13]} 11. Bh4 {[%emt 0:00:06]} g5 {[%emt 0:00:27]} 12. Nxg5 {[%emt 0:01:15]} hxg5 {[%emt 0:00:05]} 13. Bxg5 {[%emt 0:00:04]} Bxf2+ {[%emt 0:00:18]} 14. Ke2 {[%emt 0:01:20]} Kg7 {[%emt 0:08:14]} 15. Qd2 {[%emt 0:05:54]} Kg6 {[%emt 0:02:33]} 16. h4 {[%emt 0:10:01]} Bb6 {[%emt 0:10:19]} 17. Nh2 {[%emt 0:00:32]} Nxe4 {[%emt 0:06:03]} 18. dxe4 {[%emt 0:00:56]} Qd7 {[%emt 0:01:39]} 19. Bf6 {[%emt 0:06:26]} Bg4+ {[%emt 0:02:14]} 20. Kd3 {[%emt 0:01:05]} Kh7 {[%emt 0:03:35]} 21. Raf1 {[%emt 0:08:26]} Na5 {[%emt 0:11:05]} 22. Bg7 {[%emt 0:03:43]} Kxg7 {[%emt 0:03:46]} 23. Qg5+ {[%emt 0:00:05]} Kh8 {[%emt 0:01:32]} 24. Rf6 {[%emt 0:00:20]} Bf5 {[%emt 0:02:41]} 25. exf5 {[%emt 0:00:11]} e4+ {[%emt 0:00:02]} 26. Kxe4 1-0

[Event "BL Meisterschaftsturnier 2020"]
[Site "Karlsruhe"]
[Date "2020.09.20"]
[Round "7.16"]
[White "Wegerle, Joerg"]
[Black "Kozul, Zdenko"]
[Result "0-1"]
[WhiteElo "2401"]
[BlackElo "2597"]
[Annotator "TA"]
[PlyCount "62"]
[EventDate "2020.09.16"]
[EventType "team-tourn"]
[EventCountry "GER"]
[SourceTitle "playchess.com"]
[Source "ChessBase"]
[SourceQuality "1"]
[WhiteTeam "Solingen"]
[BlackTeam "Deizisau"]

{[%evp 18,62,13,27,34,0,1,-12,-6,-7,-7,-3,0,0,0,0,0,-21,-20,-77,-70,-104,-89,-94,-94,-130,-127,-110,-116,-138,-139,-139,-145,-153,-142,-143,-127,-152,-115,-118,-114,-116,-118,-106,-110,-112,-110]} 1. e4 c5 2. c3 Nf6 3. e5 Nd5 4. d4 cxd4 5. Nf3 Nc6 6. cxd4 d6 7. Bc4 e6 8. O-O Be7 9. Qe2 O-O 10. Rd1 {The modern move.} a6 {B22: Sicilian: 2 c3.} 11. Bd2 b5 12. Bb3 {[#]} dxe5 $146 {The position is equal.} ({Predecessor:} 12... Na5 13. Bxd5 exd5 14. Nc3 Be6 15. Bf4 Nb7 16. h3 Re8 17. Rac1 h6 18. Ne1 Qb6 {½-½ (29) Matsuura,E (2480)-Dos Santos,J (2237) Pindamonhangaba 2011}) 13. dxe5 Bb7 14. Bxd5 Qxd5 {[#]} 15. Bb4 $1 {[%mdl 512]} Qc4 (15... Nxb4 16. Rxd5) 16. Qxc4 bxc4 17. Bxe7 Nxe7 18. Na3 {[#]} (18. Nfd2 $11 {keeps the balance.}) 18... c3 $1 {[%mdl 512]} 19. bxc3 Bxf3 $1 20. gxf3 Rfc8 21. Rd3 Ng6 22. Re1 Rc5 23. Re4 Nxe5 24. Rde3 Ng6 25. Ra4 Rd8 26. Nc2 Rd1+ 27. Ne1 a5 28. Kf1 {Black is better.} h6 29. Ke2 Rb1 30. f4 Rb2+ 31. Kf1 Rf5 {Accuracy: White = 76%, Black = 93%.} 0-1

[Event "BL Meisterschaftsturnier 2020"]
[Site "Karlsruhe"]
[Date "2020.09.20"]
[Round "7.16"]
[White "Jablonowski, Christoph"]
[Black "Schenk, Andreas"]
[Result "0-1"]
[WhiteElo "1969"]
[BlackElo "2431"]
[Annotator "ChessBase"]
[PlyCount "68"]
[EventDate "2020.09.16"]
[EventType "team-tourn"]
[EventCountry "GER"]
[SourceTitle "playchess.com"]
[Source "ChessBase"]
[SourceQuality "1"]
[WhiteTeam "Aachen"]
[BlackTeam "Bayern Muenchen"]
[TimeControl "40/5400+30:1800+30"]

1. d4 {[%emt 0:00:00]} Nf6 {[%emt 0:00:00]} 2. c4 {[%emt 0:00:00]} e6 {[%emt 0:00:00]} 3. Nf3 {[%emt 0:00:00]} b6 {[%emt 0:00:00]} 4. g3 {[%emt 0:00:00]} Bb7 {[%emt 0:00:07]} 5. Bg2 {[%emt 0:00:06]} Be7 {[%emt 0:00:07]} 6. O-O {[%emt 0:00:21]} O-O {[%emt 0:00:06]} 7. Nc3 {[%emt 0:08:34]} Ne4 {[%emt 0:00:17]} 8. Qc2 {[%emt 0:00:07]} Nxc3 {[%emt 0:00:14]} 9. Qxc3 {[%emt 0:00:05]} c5 {[%emt 0:00:19]} 10. dxc5 {[%emt 0:07:19]} bxc5 {[%emt 0:05:41]} 11. Rd1 {[%emt 0:09:43]} d6 {[%emt 0:07:43]} 12. h4 {[%emt 0:15:20]} Nc6 {[%emt 0:08:05]} 13. Bg5 {[%emt 0:07:46]} h6 {[%emt 0:05:48]} 14. Bxe7 {[%emt 0:02:38]} Qxe7 {[%emt 0:01:40]} 15. Rd2 {[%emt 0:06:07]} Rad8 {[%emt 0:00:48]} 16. Rad1 {[%emt 0:02:12]} f5 {[%emt 0:01:45]} 17. e3 {[%emt 0:04:15]} g5 {[%emt 0:11:26]} 18. hxg5 {[%emt 0:01:56]} hxg5 {[%emt 0:01:51]} 19. Nxg5 {[%emt 0:16:50]} Qxg5 {[%emt 0:01:36]} 20. Rxd6 {[%emt 0:00:07]} Nd4 {[%emt 0:13:45]} 21. exd4 {[%emt 0:00:13]} Rxd6 {[%emt 0:00:08]} 22. Bxb7 {[%emt 0:00:08]} Qg7 {[%emt 0:01:16]} 23. Bf3 {[%emt 0:03:34]} Rxd4 {[%emt 0:03:48]} 24. Re1 {[%emt 0:02:04]} f4 {[%emt 0:05:40]} 25. g4 {[%emt 0:06:24]} e5 {[%emt 0:03:26]} 26. Kg2 {[%emt 0:03:40]} Re8 {[%emt 0:01:52]} 27. Re4 {[%emt 0:03:10]} Rxe4 {[%emt 0:00:50]} 28. Bxe4 {[%emt 0:00:06]} Qxg4+ {[%emt 0:00:07]} 29. Kf1 {[%emt 0:00:30]} Qd1+ {[%emt 0:00:39]} 30. Kg2 {[%emt 0:00:47]} Re7 {[%emt 0:00:56]} 31. Kh2 {[%emt 0:00:55]} Qh5+ {[%emt 0:06:42]} 32. Kg1 {[%emt 0:00:20]} Rg7+ {[%emt 0:00:16]} 33. Kf1 {[%emt 0:00:34]} Qd1+ {[%emt 0:00:09]} 34. Qe1 {[%emt 0:00:05]} Rg1+ {[%emt 0:00:06]} 0-1